Estatísticas para Emblemas de Clubes Portugueses #2

Clique aqui para jogar o quiz

Estatísticas Gerais

  • Esse quiz foi jogado 114 vezes
  • A pontuação média é 12 de 16

Estatísticas das Respostas

Resposta% Correto
Sporting Clube de Portugal
94%
Clube Desportivo de Tondela
91%
Sporting Clube de Braga
91%
Clube de Futebol "Os Belenenses"
86%
Clube Desportivo Santa Clara
80%
Moreirense Futebol Clube
80%
Clube Desportivo Nacional da Madeira
75%
Associação Académica de Coimbra
74%
Clube de Futebol Estrela da Amadora
73%
Vitória Futebol Clube
71%
União Desportiva de Leiria
69%
B-SAD
67%
Sport Clube Beira-Mar
67%
Sporting Clube Farense
65%
Sporting Clube Olhanense
55%
Sporting Clube Campomaiorense
23%

Distribuição das Pontuações

Percentil de Números Respondidos

Porcentagem de Pessoas com Cada Pontuação

Sua Pontuação Histórica

Você não jogou esse quiz